[Event "POL-chT 2nd League"]
[Site "Jastrzebia Gora"]
[Date "2023.09.09"]
[Round "8.53"]
[White "Stelmaszuk, Maciej"]
[Black "Chrzaszcz, Malvina"]
[Result "1-0"]
[WhiteElo "1944"]
[BlackElo "1962"]
[PlyCount "59"]
[EventDate "2023.09.02"]
[EventType "team-swiss"]
[EventRounds "9"]
[EventCountry "POL"]
[SourceTitle "CBM 216 Extra"]
[Source "ChessBase"]
[SourceDate "2023.11.30"]
[SourceVersion "1"]
[SourceVersionDate "2023.11.30"]
[SourceQuality "1"]
[WhiteTeam "Wisznia Mala Bialy Krol"]
[BlackTeam "Warszawa Mogalo"]
[WhiteTeamCountry "POL"]
[BlackTeamCountry "POL"]

1. d4 d5 2. c4 c6 3. Nf3 Nf6 4. e3 dxc4 5. Bxc4 b5 6. Bd3 Bg4 7. 0-0 e6 8. Nbd2 a5 9. a4 b4 10. Qc2 Qc7 11. Ne5 Bd6 12. Ndc4 Be7 13. e4 Nbd7 14. Bf4 Nh5 15. Be3 Nhf6 16. h3 Bh5 17. g4 Bg6 18. f4 c5 19. f5 cxd4 20. Bxd4 Bc5 21. Bxc5 Nxc5 22. Rf3 Rd8 23. fxg6 hxg6 24. g5 Nxd3 25. Rxd3 Qa7+ 26. Kg2 Rxd3 27. Qxd3 Nh5 28. Nd6+ Kf8 29. Rf1 Qc5 30. Nd7+ 1-0

[Event "POL-chT 2nd League"]
[Site "Sypniewo"]
[Date "2021.09.07"]
[Round "4.3"]
[White "Chrzaszcz, Malvina"]
[Black "Reichel, Lukasz"]
[Result "1-0"]
[WhiteElo "1996"]
[BlackElo "1760"]
[PlyCount "41"]
[EventDate "2021.09.04"]
[EventType "team-swiss"]
[EventRounds "9"]
[EventCountry "POL"]
[SourceTitle "CBM 204 Extra"]
[Source "ChessBase"]
[SourceDate "2021.11.30"]
[SourceVersion "1"]
[SourceVersionDate "2021.11.30"]
[SourceQuality "1"]
[WhiteTeam "Warszawa Mogalo"]
[BlackTeam "Zarow Goniec"]
[WhiteTeamCountry "POL"]
[BlackTeamCountry "POL"]

1. e4 c5 2. Nf3 d6 3. d4 cxd4 4. Nxd4 Nf6 5. Nc3 a6 6. Qd3 g6 7. Bg5 Nbd7 8. 0-0-0 Bg7 9. f4 Qc7 10. Be2 h6 11. Bh4 e5 12. Ndb5 axb5 13. Nxb5 Qc5 14. Nxd6+ Ke7 15. Qb3 Rf8 16. Rd5 Qb6 17. Nxc8+ Rfxc8 18. Rxd7+ Kxd7 19. Qxb6 Rxa2 20. Qxb7+ Rc7 21. Rd1+ 1-0

[Event "POL-chT 2nd League"]
[Site "Sypniewo"]
[Date "2021.09.05"]
[Round "2.5"]
[White "Chrzaszcz, Malvina"]
[Black "Gonsior, Monika"]
[Result "0-1"]
[WhiteElo "1996"]
[BlackElo "1971"]
[PlyCount "58"]
[EventDate "2021.09.04"]
[EventType "team-swiss"]
[EventRounds "9"]
[EventCountry "POL"]
[SourceTitle "CBM 204 Extra"]
[Source "ChessBase"]
[SourceDate "2021.11.30"]
[SourceVersion "1"]
[SourceVersionDate "2021.11.30"]
[SourceQuality "1"]
[WhiteTeam "Warszawa Mogalo"]
[BlackTeam "Zory Roszada"]
[WhiteTeamCountry "POL"]
[BlackTeamCountry "POL"]

1. e4 e6 2. d4 b6 3. Bd3 Bb7 4. Nf3 c5 5. c3 Nf6 6. Qe2 d5 7. e5 Nfd7 8. 0-0 Nc6 9. a3 Qc7 10. b4 a5 11. bxc5 bxc5 12. Bb5 Na7 13. Bd3 h6 14. Ne1 cxd4 15. cxd4 Qxc1 16. f4 Qc6 17. g4 Qb6 18. Nc2 Nc6 19. Nd2 Nxd4 20. Nxd4 Qxd4+ 21. Kg2 Qa7 22. f5 d4+ 23. Be4 d3 24. Qxd3 Ba6 25. Nc4 Nxe5 26. Nd6+ Kd7 27. fxe6+ fxe6 28. Qd2 Bxd6 29. Rfd1 Nc4 0-1

[Event "Warsaw Najdorf Memorial op-A 18th"]
[Site "Warsaw"]
[Date "2021.07.13"]
[Round "4"]
[White "Rudzinska, Michalina"]
[Black "Chrzaszcz, Malvina"]
[Result "1-0"]
[WhiteElo "2238"]
[BlackElo "2015"]
[PlyCount "77"]
[EventDate "2021.07.10"]
[EventType "swiss"]
[EventRounds "9"]
[EventCountry "POL"]
[SourceTitle "EXT 2022"]
[Source "ChessBase"]
[SourceDate "2021.10.06"]
[SourceVersion "1"]
[SourceVersionDate "2021.10.06"]
[SourceQuality "1"]

1. e4 c6 2. d4 d5 3. Nc3 dxe4 4. Nxe4 Nf6 5. Nxf6+ exf6 6. c3 Bd6 7. Bd3 0-0 8. Ne2 Re8 9. 0-0 Nd7 10. Bf4 Nf8 11. Bxd6 Qxd6 12. Ng3 Be6 13. f4 c5 14. f5 Bd7 15. Ne4 Qb6 16. dxc5 Qxb2 17. a4 Rxe4 18. Bxe4 Qxc3 19. Qc2 Qxc2 20. Bxc2 Rc8 21. Bb3 Rxc5 22. Rac1 Ra5 23. Rc7 Bxf5 24. Bxf7+ Kh8 25. Rd1 g5 26. Rd8 Kg7 27. Be6+ Kg6 28. Bxf5+ Kxf5 29. Rxf8 Rxa4 30. h3 h5 31. Rxb7 g4 32. hxg4+ hxg4 33. Rff7 g3 34. Rxa7 Rb4 35. Ra1 Kg6 36. Rf8 Kg5 37. Rf1 Rb6 38. Rg8+ Kh4 39. Rf4+ 1-0

[Event "Warsaw Najdorf Memorial op-A 18th"]
[Site "Warsaw"]
[Date "2021.07.10"]
[Round "1"]
[White "Gumularz, Szymon"]
[Black "Chrzaszcz, Malvina"]
[Result "1-0"]
[WhiteElo "2515"]
[BlackElo "2015"]
[PlyCount "59"]
[EventDate "2021.07.10"]
[EventType "swiss"]
[EventRounds "9"]
[EventCountry "POL"]
[SourceTitle "CBM 203 Extra"]
[Source "ChessBase"]
[SourceDate "2021.09.30"]
[SourceVersion "1"]
[SourceVersionDate "2021.09.30"]
[SourceQuality "1"]

1. d4 d5 2. Bf4 Nf6 3. e3 Bf5 4. c4 e6 5. Nc3 c6 6. Qb3 Qb6 7. c5 Qxb3 8. axb3 Nbd7 9. h3 Be7 10. b4 0-0 11. b5 Ne4 12. Nf3 Bf6 13. bxc6 bxc6 14. Ba6 Nxc3 15. bxc3 Rae8 16. 0-0 e5 17. Bg3 Re7 18. Rfd1 Rb8 19. Bf1 Rb7 20. Ra6 Nb8 21. dxe5 Nxa6 22. exf6 gxf6 23. Bxa6 Rb3 24. Nd4 Rb1 25. Rxb1 Bxb1 26. Nxc6 Re6 27. Bd6 Bc2 28. Nd4 Rxd6 29. cxd6 Ba4 30. Bb5 1-0

[Event "POL-ch Academic (Women)"]
[Site "Chorzow"]
[Date "2021.05.14"]
[Round "3.5"]
[White "Dwilewicz, Katarzyna"]
[Black "Chrzaszcz, Malvina"]
[Result "0-1"]
[WhiteElo "2092"]
[BlackElo "2015"]
[PlyCount "60"]
[EventDate "2021.05.14"]
[EventType "swiss (rapid)"]
[EventRounds "9"]
[EventCountry "POL"]
[SourceTitle "CBM 202 Extra"]
[Source "ChessBase"]
[SourceDate "2021.07.31"]
[SourceVersion "1"]
[SourceVersionDate "2021.07.31"]
[SourceQuality "1"]

1. e4 c5 2. Nf3 d6 3. Nc3 Nf6 4. e5 dxe5 5. Nxe5 e6 6. Bb5+ Nbd7 7. d4 a6 8. Bxd7+ Nxd7 9. Be3 Qb6 10. 0-0 Nxe5 11. dxe5 Qxb2 12. Qd3 Be7 13. Rfd1 Qb6 14. Na4 Qc7 15. Bxc5 b5 16. Bd6 Qc6 17. Bxe7 Bb7 18. f3 Kxe7 19. Qa3+ Ke8 20. Nc5 Rc8 21. Nxb7 Qxb7 22. Rd6 Rxc2 23. Rad1 Rc8 24. Qa5 Qa7+ 25. Kh1 Qe7 26. Qxa6 Rb8 27. h3 Qh4 28. Re1 Ra8 29. Kh2 h6 30. Rd7 h5 0-1

[Event "POL-ch Academic (Women)"]
[Site "Katowice"]
[Date "2020.11.14"]
[Round "6"]
[White "Fraczek, Weronika"]
[Black "Chrzaszcz, Malvina"]
[Result "1-0"]
[WhiteElo "1867"]
[BlackElo "2014"]
[PlyCount "85"]
[EventDate "2020.11.13"]
[EventType "swiss (rapid)"]
[EventRounds "9"]
[EventCountry "POL"]
[SourceTitle "CBM 199 Extra"]
[Source "ChessBase"]
[SourceDate "2021.01.31"]
[SourceVersion "1"]
[SourceVersionDate "2021.01.31"]
[SourceQuality "1"]

1. e4 c5 2. Nf3 d6 3. d4 cxd4 4. Nxd4 Nf6 5. Nc3 a6 6. Bc4 e6 7. 0-0 Qc7 8. Bb3 Nc6 9. Be3 Be7 10. Qf3 0-0 11. Qg3 b5 12. Nxc6 Qxc6 13. f3 Rd8 14. Rad1 Bb7 15. a4 b4 16. Ne2 e5 17. a5 Qb5 18. Qf2 d5 19. Bb6 Rd6 20. Bc5 Rd7 21. Bxe7 Rxe7 22. exd5 Nxd5 23. Ra1 Rc8 24. Kh1 Nf6 25. Ng3 Bd5 26. Nf5 Rec7 27. Nd6 Qc6 28. Nxc8 Bxb3 29. cxb3 Rxc8 30. Qb6 Qc2 31. Qxa6 Nh5 32. Qb6 Nf4 33. Qf2 Qxb3 34. a6 Nd3 35. Qe2 Nf4 36. Qf2 Nd3 37. Qd2 Nf4 38. a7 Ra8 39. Rfd1 Ne6 40. Qd5 Qxd5 41. Rxd5 f6 42. Rb5 Nc7 43. Rb6 1-0

[Event "POL-chT Academic"]
[Site "Katowice"]
[Date "2020.11.14"]
[Round "4.12"]
[White "Kubicka, Anna"]
[Black "Chrzaszcz, Malvina"]
[Result "1-0"]
[WhiteElo "2256"]
[BlackElo "2014"]
[PlyCount "69"]
[EventDate "2020.11.14"]
[EventType "team-swiss (rapid)"]
[EventRounds "9"]
[EventCountry "POL"]
[SourceTitle "CBM 199 Extra"]
[Source "ChessBase"]
[SourceDate "2021.01.31"]
[SourceVersion "1"]
[SourceVersionDate "2021.01.31"]
[SourceQuality "1"]
[WhiteTeam "Warszawa Kozminskiego Akad"]
[BlackTeam "Warszawa Univ"]
[WhiteTeamCountry "POL"]
[BlackTeamCountry "POL"]

1. e4 c5 2. Ne2 d6 3. g3 Nf6 4. Bg2 Nc6 5. 0-0 g6 6. c3 Bg7 7. d4 cxd4 8. cxd4 0-0 9. Nbc3 Bd7 10. h3 Rc8 11. Be3 a6 12. Rc1 b5 13. b3 Re8 14. Qd2 Rc7 15. d5 Qc8 16. dxc6 Bxh3 17. Bxh3 Qxh3 18. Nf4 Qc8 19. Ncd5 Rxc6 20. Rxc6 Qxc6 21. Rc1 Qd7 22. Nxf6+ Bxf6 23. Nd5 Be5 24. Bd4 Qg4 25. Bxe5 dxe5 26. Nxe7+ Kg7 27. Qd6 Qxe4 28. Qd7 Kf8 29. Nd5 Qd3 30. Qd6+ Kg7 31. Qf6+ Kg8 32. Ne7+ Kf8 33. Rc7 Qd1+ 34. Kg2 Qd3 35. Qh8# 1-0

[Event "POL-ch Academic (Women)"]
[Site "Katowice"]
[Date "2020.11.14"]
[Round "9"]
[White "Pastuszko, Kinga"]
[Black "Chrzaszcz, Malvina"]
[Result "1-0"]
[WhiteElo "1984"]
[BlackElo "2014"]
[PlyCount "91"]
[EventDate "2020.11.13"]
[EventType "swiss (rapid)"]
[EventRounds "9"]
[EventCountry "POL"]
[SourceTitle "CBM 199 Extra"]
[Source "ChessBase"]
[SourceDate "2021.01.31"]
[SourceVersion "1"]
[SourceVersionDate "2021.01.31"]
[SourceQuality "1"]

1. e4 c5 2. Nf3 d6 3. d4 cxd4 4. Nxd4 Nf6 5. Nc3 a6 6. Be2 e5 7. Nb3 Be7 8. 0-0 Be6 9. f4 Qc7 10. f5 Bc4 11. Bxc4 Qxc4 12. Qd3 Qxd3 13. cxd3 Nc6 14. Be3 0-0 15. h3 Nb4 16. Rad1 d5 17. a3 Nc2 18. Bf2 d4 19. Ne2 Rac8 20. g4 Rfd8 21. Rc1 Rd7 22. Bg3 Bd6 23. Nexd4 Nxe4 24. dxe4 exd4 25. e5 Bb8 26. e6 fxe6 27. fxe6 Re7 28. Bxb8 Rxe6 29. Rxc2 Rxb8 30. Nxd4 Re3 31. Rc3 Re4 32. Nf5 Re2 33. Rf2 Re1+ 34. Kg2 b5 35. Rc7 b4 36. Rxg7+ Kh8 37. axb4 Rxb4 38. Ra7 h5 39. Ng3 Kg8 40. Nxh5 Rb6 41. g5 Re5 42. h4 Re1 43. Nf6+ Kh8 44. Nd5 Rb8 45. g6 Re5 46. Nf6 1-0

[Event "POL-chT 2nd League"]
[Site "Poronin"]
[Date "2020.09.11"]
[Round "7.20"]
[White "Palacki, Rafal"]
[Black "Chrzaszcz, Malvina"]
[Result "0-1"]
[WhiteElo "1806"]
[BlackElo "2047"]
[PlyCount "52"]
[EventDate "2020.09.05"]
[EventType "team-swiss"]
[EventRounds "9"]
[EventCountry "POL"]
[SourceTitle "CBM 198 Extra"]
[Source "ChessBase"]
[SourceDate "2020.11.30"]
[SourceVersion "1"]
[SourceVersionDate "2020.11.30"]
[SourceQuality "1"]
[WhiteTeam "Ustrzyki Dolne"]
[BlackTeam "Myslenice MLKSz"]
[WhiteTeamCountry "POL"]
[BlackTeamCountry "POL"]

1. e4 c5 2. Nf3 d6 3. d4 cxd4 4. Nxd4 Nf6 5. f3 a6 6. c4 e5 7. Nb3 Be6 8. Be3 Nbd7 9. Nc3 Rc8 10. g4 Nb6 11. Nd5 Nxc4 12. Bxc4 Rxc4 13. Bb6 Qc8 14. Na5 Bxd5 15. exd5 Rc2 16. 0-0 h5 17. g5 Qf5 18. Be3 h4 19. Kh1 Nh5 20. Rf2 Rxf2 21. Bxf2 Nf4 22. Qb3 Nd3 23. Bb6 Qxf3+ 24. Kg1 Rh5 25. Bd8 Kxd8 26. Qb6+ Ke8 0-1

[Event "POL-chT 2nd League"]
[Site "Jastrzebia Gora"]
[Date "2019.09.15"]
[Round "9.18"]
[White "Siedlinski, Piotr"]
[Black "Chrzaszcz, Malvina"]
[Result "1/2-1/2"]
[WhiteElo "2062"]
[BlackElo "2037"]
[PlyCount "100"]
[EventDate "2019.09.07"]
[EventType "team-swiss"]
[EventRounds "9"]
[EventCountry "POL"]
[SourceTitle "EXT 2020"]
[Source "ChessBase"]
[SourceDate "2019.10.17"]
[SourceVersion "1"]
[SourceVersionDate "2019.10.17"]
[SourceQuality "1"]
[WhiteTeam "Jaworzno"]
[BlackTeam "Warszawa Mogalo"]
[WhiteTeamCountry "POL"]
[BlackTeamCountry "POL"]

1. d4 d5 2. Nf3 Nf6 3. Bf4 e6 4. e3 Bd6 5. Bxd6 cxd6 6. c4 Nc6 7. Nc3 dxc4 8. Bxc4 0-0 9. 0-0 a6 10. d5 Na5 11. Be2 exd5 12. Nxd5 Nxd5 13. Qxd5 Be6 14. Qd2 Qb6 15. b3 Rac8 16. Rfd1 Rfd8 17. Nd4 Bd7 18. Rac1 Nc6 19. Nxc6 Bxc6 20. Bg4 Rc7 21. Rc4 g6 22. Rd4 h5 23. Be2 Rcd7 24. b4 Ba4 25. Rc1 Re7 26. Bf3 Re5 27. Qc3 Re7 28. Bd5 Bd7 29. h4 Rc8 30. Qd2 Rxc1+ 31. Qxc1 Bg4 32. Qc3 Qb5 33. Rd2 Re8 34. Qc7 Be6 35. Qxb7 Qxb7 36. Bxb7 Rb8 37. Bxa6 Rxb4 38. Rxd6 Rxh4 39. f4 g5 40. g3 Rg4 41. Kf2 h4 42. gxh4 gxh4 43. Be2 Rg3 44. Bf3 Bxa2 45. Rh6 Kg7 46. Rxh4 Rg6 47. Rh5 Rb6 48. Ra5 Bc4 49. Ra3 Rb2+ 50. Kg3 Rb3 1/2-1/2

[Event "POL-chT 2nd League"]
[Site "Jastrzebia Gora"]
[Date "2019.09.13"]
[Round "7.21"]
[White "Klein, Zbigniew"]
[Black "Chrzaszcz, Malvina"]
[Result "1/2-1/2"]
[WhiteElo "1700"]
[BlackElo "2037"]
[PlyCount "59"]
[EventDate "2019.09.07"]
[EventType "team-swiss"]
[EventRounds "9"]
[EventCountry "POL"]
[SourceTitle "EXT 2020"]
[Source "ChessBase"]
[SourceDate "2019.10.17"]
[SourceVersion "1"]
[SourceVersionDate "2019.10.17"]
[SourceQuality "1"]
[WhiteTeam "Plock Stowarzyszenie"]
[BlackTeam "Warszawa Mogalo"]
[WhiteTeamCountry "POL"]
[BlackTeamCountry "POL"]

1. e4 c5 2. Nf3 d6 3. d4 cxd4 4. Nxd4 Nf6 5. Nc3 a6 6. Bg5 e6 7. f4 Nbd7 8. Qf3 Qc7 9. 0-0-0 b5 10. Kb1 Bb7 11. Bd3 Qb6 12. Bxf6 Nxf6 13. a3 Nd7 14. Nb3 Nc5 15. Qe3 Bc6 16. f5 e5 17. Rhe1 a5 18. Nd5 Qb7 19. Qe2 Nxd3 20. Qxd3 b4 21. Nc1 bxa3 22. Qxa3 Rb8 23. Re3 a4 24. Rc3 Qd7 25. Na2 Be7 26. Nab4 Bxd5 27. Nxd5 Bd8 28. Nb4 Rb6 29. Nd5 Ra6 30. Rcd3 1/2-1/2

[Event "Mazowiec-chT 1718"]
[Site "Warsaw"]
[Date "2018.02.18"]
[Round "7.8"]
[White "Chrzaszcz, Malvina"]
[Black "Maj, Pawel1"]
[Result "0-1"]
[WhiteElo "2048"]
[BlackElo "2079"]
[PlyCount "96"]
[EventDate "2017.12.03"]
[EventType "team-tourn"]
[EventRounds "10"]
[EventCountry "POL"]
[SourceTitle "EXT 2020"]
[Source "ChessBase"]
[SourceDate "2019.10.17"]
[SourceVersion "1"]
[SourceVersionDate "2019.10.17"]
[SourceQuality "1"]

1. e4 c5 2. Nf3 d6 3. d4 cxd4 4. Nxd4 Nf6 5. Nc3 a6 6. Be2 g6 7. 0-0 Bg7 8. Bg5 Qb6 9. Nb3 Nbd7 10. a4 Qc7 11. f4 b6 12. Bf3 Bb7 13. Re1 0-0 14. Qd2 h6 15. Bh4 e5 16. fxe5 Nxe5 17. Bxf6 Bxf6 18. Qxh6 Bg7 19. Qh4 Nc4 20. Nd5 Bxd5 21. exd5 Nxb2 22. Be4 Rae8 23. Re3 f5 24. Rh3 Bf6 25. Qg3 Rxe4 26. Qxg6+ Qg7 27. Qh5 Rg4 28. Kh1 Qg6 29. Rf1 Nxa4 30. Qxg6+ Rxg6 31. Rxf5 Be5 32. Rxf8+ Kxf8 33. Rh7 Rf6 34. g4 Rf7 35. Rh6 Nc3 36. Nd2 Bf4 37. Rh8+ Kg7 38. Rd8 Bxd2 39. Rxd6 Be3 40. h4 a5 41. h5 a4 42. g5 Bxg5 43. Rg6+ Kh7 44. Rxg5 a3 45. Rg1 a2 46. Ra1 Rd7 47. Kg2 Rxd5 48. Kf3 Rd1 0-1

[Event "Mazowiec-chT 1718"]
[Site "Warsaw"]
[Date "2018.01.07"]
[Round "3.9"]
[White "Tomaszewski, Jakub"]
[Black "Chrzaszcz, Malvina"]
[Result "0-1"]
[WhiteElo "1230"]
[BlackElo "2048"]
[PlyCount "78"]
[EventDate "2017.12.03"]
[EventType "team-tourn"]
[EventRounds "10"]
[EventCountry "POL"]
[SourceTitle "EXT 2020"]
[Source "ChessBase"]
[SourceDate "2019.10.17"]
[SourceVersion "1"]
[SourceVersionDate "2019.10.17"]
[SourceQuality "1"]

1. e4 c5 2. Nf3 e6 3. c3 d5 4. exd5 Qxd5 5. d4 Nf6 6. b3 Nc6 7. Bc4 Qe4+ 8. Be3 cxd4 9. cxd4 Nd5 10. Bxd5 Bb4+ 11. Nbd2 Qxd5 12. Rc1 Ba3 13. Rb1 b5 14. 0-0 0-0 15. Re1 Bb7 16. Nf1 Rfd8 17. Ng3 Rac8 18. Re2 e5 19. Rc2 exd4 20. Bc1 Bf8 21. Bb2 d3 22. Rcc1 Nb4 23. a3 Nc2 24. b4 a5 25. bxa5 Nxa3 26. Bxa3 Bxa3 27. Rxc8 Rxc8 28. Nf1 Bc5 29. Ne1 Rd8 30. Rb2 b4 31. Rd2 Ba6 32. Qb1 b3 33. Nf3 Ba3 34. Ne1 Bb4 35. Ne3 Qxa5 36. Rxd3 Bxd3 37. Nxd3 Qa2 38. Qc1 Rxd3 39. Qc8+ Bf8 0-1

[Event "Bialystok Zamenhof Memorial-B 36th"]
[Site "Bialystok"]
[Date "2017.12.31"]
[Round "9"]
[White "Karwowski, Kacper"]
[Black "Chrzaszcz, Malvina"]
[Result "1-0"]
[WhiteElo "2194"]
[BlackElo "2048"]
[PlyCount "114"]
[EventDate "2017.12.27"]
[EventType "swiss"]
[EventRounds "9"]
[EventCountry "POL"]
[SourceTitle "CBM 182 Extra"]
[Source "ChessBase"]
[SourceDate "2018.02.23"]
[SourceVersion "1"]
[SourceVersionDate "2018.02.23"]
[SourceQuality "1"]

1. e4 c5 2. Nf3 e6 3. c3 d5 4. exd5 Qxd5 5. d4 Nf6 6. Be2 Nc6 7. 0-0 Be7 8. c4 Qd8 9. Be3 cxd4 10. Nxd4 Nxd4 11. Qxd4 0-0 12. Nc3 Qa5 13. c5 Rd8 14. Qc4 Nd5 15. Nxd5 exd5 16. b4 dxc4 17. bxa5 Be6 18. Rac1 Rac8 19. Bxc4 Bxc4 20. Rxc4 Rc6 21. g3 b6 22. Rb1 Rdc8 23. axb6 axb6 24. cxb6 Rxc4 25. b7 f6 26. bxc8Q+ Rxc8 27. a4 Ra8 28. Ra1 Bb4 29. Bb6 Ba5 30. Bxa5 Rxa5 31. Kg2 Kf7 32. Kf3 Ke6 33. Ke4 Kd6 34. Kd4 Kc6 35. h4 Rd5+ 36. Ke4 Re5+ 37. Kf4 g6 38. a5 Kb7 39. a6+ Ka7 40. Ra4 Re2 41. Kf3 Re6 42. Re4 Rxa6 43. Re7+ Kb6 44. Re6+ Kb5 45. Rxa6 Kxa6 46. Ke4 Kb5 47. Kd5 f5 48. h5 f4 49. hxg6 fxg3 50. fxg3 hxg6 51. g4 g5 52. Ke5 Kc5 53. Kf5 Kd5 54. Kxg5 Ke6 55. Kg6 Ke5 56. g5 Ke6 57. Kh7 Kd5 1-0

[Event "Bialystok Zamenhof Memorial-B 36th"]
[Site "Bialystok"]
[Date "2017.12.27"]
[Round "1"]
[White "Majek, Kacper"]
[Black "Chrzaszcz, Malvina"]
[Result "1/2-1/2"]
[WhiteElo "1628"]
[BlackElo "2048"]
[PlyCount "81"]
[EventDate "2017.12.27"]
[EventType "swiss"]
[EventRounds "9"]
[EventCountry "POL"]
[SourceTitle "CBM 182 Extra"]
[Source "ChessBase"]
[SourceDate "2018.02.23"]
[SourceVersion "1"]
[SourceVersionDate "2018.02.23"]
[SourceQuality "1"]

1. b3 e5 2. Bb2 Nc6 3. e3 d6 4. Bb5 Bd7 5. d4 exd4 6. exd4 Qg5 7. Qe2+ Nge7 8. Nf3 Qh5 9. c4 0-0-0 10. d5 Nb8 11. Bxd7+ Nxd7 12. Na3 Ng6 13. Qe3 Nc5 14. b4 Nf4 15. 0-0 Qg4 16. g3 Ncd3 17. Bc3 Kd7 18. Rae1 h5 19. Kh1 Nxe1 20. Rxe1 Ng6 21. Ng5 Qf5 22. Nb5 Be7 23. Qxa7 h4 24. Qxb7 Rc8 25. Nd4 Qxg5 26. Qb5+ c6 27. Nxc6 hxg3 28. Nxe7+ Kd8 29. Qb6+ Kd7 30. Qb7+ Rc7 31. Qb5+ Kd8 32. Qb8+ Kd7 33. Qb5+ Kd8 34. Nc6+ Kc8 35. Qa6+ Kd7 36. fxg3 Qxg3 37. Nb8+ Kd8 38. Nc6+ Rxc6 39. Qa8+ Rc8 40. Qa5+ Rc7 41. Qa8+ 1/2-1/2

[Event "Mazowiec-chT 1617"]
[Site "Warsaw"]
[Date "2017.01.29"]
[Round "8.1"]
[White "Chrzaszcz, Malvina"]
[Black "Maj, Pawel1"]
[Result "1/2-1/2"]
[WhiteElo "2046"]
[BlackElo "2109"]
[PlyCount "68"]
[EventDate "2016.12.11"]
[EventType "team-tourn"]
[EventRounds "10"]
[EventCountry "POL"]
[SourceTitle "EXT 2019"]
[Source "ChessBase"]
[SourceDate "2018.10.10"]
[SourceVersion "1"]
[SourceVersionDate "2018.10.10"]
[SourceQuality "1"]

1. e4 c5 2. c3 Nf6 3. e5 Nd5 4. d4 cxd4 5. Nf3 Nc6 6. cxd4 d6 7. exd6 e6 8. Nc3 Bxd6 9. Bc4 Nb6 10. Bd3 Nb4 11. Bb1 Bd7 12. 0-0 N4d5 13. Ne5 Be7 14. Ne4 0-0 15. Qd3 f5 16. Nc3 Rc8 17. a3 a6 18. Re1 Bf6 19. Ba2 Re8 20. Bd2 Nxc3 21. bxc3 g6 22. Rab1 Bb5 23. c4 Bxe5 24. cxb5 Bxd4 25. Kf1 Bxf2 26. Bxe6+ Rxe6 27. Qxd8+ Rxd8 28. Rxe6 Rxd2 29. bxa6 bxa6 30. Rexb6 Bxb6 31. Rxb6 a5 32. Rb5 Ra2 33. Rxa5 Kf7 34. Ra7+ Kf6 1/2-1/2

[Event "Mazowiec-chT 1617"]
[Site "Warsaw"]
[Date "2017.01.29"]
[Round "7.11"]
[White "Kielar, Maciej"]
[Black "Chrzaszcz, Malvina"]
[Result "1/2-1/2"]
[WhiteElo "2053"]
[BlackElo "2046"]
[PlyCount "85"]
[EventDate "2016.12.11"]
[EventType "team-tourn"]
[EventRounds "10"]
[EventCountry "POL"]
[SourceTitle "EXT 2019"]
[Source "ChessBase"]
[SourceDate "2018.10.10"]
[SourceVersion "1"]
[SourceVersionDate "2018.10.10"]
[SourceQuality "1"]

1. e4 c5 2. Nf3 d6 3. d4 cxd4 4. Nxd4 Nf6 5. Nc3 e5 6. Nb3 Be6 7. Be2 Nc6 8. 0-0 a5 9. Be3 Be7 10. f4 exf4 11. Rxf4 0-0 12. Nd5 Bxd5 13. exd5 Ne5 14. c4 Nfd7 15. Rf1 Bg5 16. Qd2 Bxe3+ 17. Qxe3 Qb6 18. Qxb6 Nxb6 19. Nd2 Rfe8 20. b3 Nbd7 21. Rfe1 Nc5 22. Bf3 Ned3 23. Rxe8+ Rxe8 24. Rb1 f5 25. a3 g6 26. h3 h5 27. h4 Kg7 28. b4 axb4 29. axb4 Na6 30. c5 dxc5 31. b5 Nab4 32. d6 Rd8 33. Nc4 Kf6 34. Bxb7 Ne5 35. Nb2 Rxd6 36. Na4 Nd7 37. Bc8 Nb6 38. Nxc5 Nxc8 39. Rxb4 Nb6 40. Kf2 Rd2+ 41. Kf3 Ke5 42. Na4 Rd6 43. Nb2 1/2-1/2

[Event "Mazowiec-chT 1617"]
[Site "Warsaw"]
[Date "2017.01.08"]
[Round "3.1"]
[White "Chomczyk, Marek"]
[Black "Chrzaszcz, Malvina"]
[Result "1-0"]
[WhiteElo "2139"]
[BlackElo "2046"]
[PlyCount "75"]
[EventDate "2016.12.11"]
[EventType "team-tourn"]
[EventRounds "10"]
[EventCountry "POL"]
[SourceTitle "EXT 2019"]
[Source "ChessBase"]
[SourceDate "2018.10.10"]
[SourceVersion "1"]
[SourceVersionDate "2018.10.10"]
[SourceQuality "1"]

1. e4 c5 2. Nf3 d6 3. d4 cxd4 4. Nxd4 Nf6 5. Nc3 a6 6. Be3 e5 7. Nb3 Be6 8. h3 h5 9. Qf3 Nbd7 10. Rg1 b5 11. g4 hxg4 12. hxg4 b4 13. Nd5 Bxd5 14. exd5 Nb6 15. 0-0-0 Qc7 16. Bxb6 Qxb6 17. g5 Nh5 18. g6 Ra7 19. Qf5 Nf4 20. Nd4 fxg6 21. Qc8+ Kf7 22. Rxg6 Be7 23. Qxh8 Nxg6 24. Qh5 exd4 25. Bd3 Bf6 26. Re1 Be5 27. Bxg6+ Ke7 28. f4 b3 29. axb3 Qa5 30. Qh4+ Kd7 31. fxe5 Qa1+ 32. Kd2 Qa5+ 33. Kd1 dxe5 34. Rxe5 Qa1+ 35. Ke2 Kd6 36. Re6+ Kc5 37. Rc6+ Kb5 38. Bd3+ 1-0

[Event "POL-chT 2nd League"]
[Site "Jastrzebia Gora"]
[Date "2016.09.10"]
[Round "8.66"]
[White "Krzyzanowska Zadlo, Lidia"]
[Black "Chrzaszcz, Malvina"]
[Result "1-0"]
[WhiteElo "1848"]
[BlackElo "2050"]
[PlyCount "96"]
[EventDate "2016.09.03"]
[EventType "team-swiss"]
[EventRounds "9"]
[EventCountry "POL"]
[SourceTitle "EXT 2017"]
[Source "ChessBase"]
[SourceDate "2016.10.25"]
[SourceVersion "1"]
[SourceVersionDate "2016.10.25"]
[SourceQuality "1"]
[WhiteTeam "Stara Wies Parnas"]
[BlackTeam "Myslenice MLKSz"]
[WhiteTeamCountry "POL"]
[BlackTeamCountry "POL"]

1. e4 c5 2. Nc3 Nc6 3. f4 g6 4. Nf3 Bg7 5. Bc4 d6 6. 0-0 e6 7. d3 Nge7 8. Qe1 0-0 9. Qh4 a6 10. a4 Nd4 11. Nxd4 cxd4 12. Ne2 d5 13. exd5 Nxd5 14. Qxd8 Rxd8 15. Bd2 Rb8 16. a5 Ne7 17. g4 Nc6 18. Ng3 Bd7 19. Rae1 b5 20. axb6 Rxb6 21. b3 Nb4 22. f5 Nxc2 23. fxe6 fxe6 24. Ba5 Nxe1 25. Bxb6 Rb8 26. Bc7 Rb7 27. Bd6 Nc2 28. Ne4 Ne3 29. Re1 Nxc4 30. bxc4 Rb6 31. c5 Rc6 32. Rb1 a5 33. Rb7 Bc8 34. Rb8 a4 35. Ra8 a3 36. Rxa3 Ba6 37. g5 h6 38. h4 hxg5 39. hxg5 Kf7 40. Rb3 Rc8 41. Kf2 e5 42. Ra3 Rc6 43. Ke2 Ke6 44. Kd2 Kd5 45. Ra5 Ke6 46. Ra1 Kd7 47. Rh1 Rxd6 48. cxd6 Bf8 1-0